000 00493nam a2200181Ia 4500
999 _c29632
_d29632
003 OSt
005 20210106143601.0
008 190216s9999||||xx |||||||||||||| ||und||
020 _a9788126409532
040 _coclc
082 _a641
_bNAI/M
100 _aNair, Lekshmi
_98059
245 0 _aMagic Oven Pachakavidhikal /
_cLekshmi Nair
260 _bD C Books,
_c2010.
_aKottayam:
300 _a196p
650 _aMalayalam
942 _cBK
_2ddc
_h641
_iNAI/M
_k641
_mNAI/M